000
00479nam a2200169Ia 4500
008
090711s9999 xx 000 0 und d
082
_b
62088
100
_a
नाईक गुरुनाथ
245
_a
प्रतिज्ञा
260
_c
1989
300
_a
250
600
_a
नाईक गुरुनाथ
630
_a
प्रतिज्ञा
700
_a
नाईक गुरुनाथ
730
_a
प्रतिज्ञा
942
_c
BOOK
999
_c
295000
_d
295000